[Event "Ju Wenjun-A"]
[Site "Gatineau CAN"]
[Date "2023.11.07"]
[Round "2"]
[White "Latreille, Etienne"]
[Black "Desjardins, Michel"]
[Result "1-0"]
[WhiteElo "2106"]
[BlackElo "1886"]
[PlyCount "73"]
[EventDate "2023.10.31"]
[EventType "swiss"]
[EventRounds "7"]
[EventCountry "CAN"]
[TimeControl "90+40"]

1. e4 d5 2. exd5 Qxd5 3. Nc3 Qd6 4. d4 Nf6 5. Nf3 g6 6. Nb5 Qb6 7. a4 a6 8. Na3
Bg7 9. Nc4 Qa7 10. Nce5 c5 11. Bc4 O-O 12. Be3 Nc6 13. Nxc6 bxc6 14. Ne5 Qb7
15. O-O Bf5 16. Ra3 Qxb2 17. Rb3 Qxc2 18. Qa1 cxd4 19. Bxd4 Nd5 20. Rc1 Qd2 21.
Rd1 Qh6 22. Nxc6 e6 23. Bxd5 exd5 24. Ne7+ Kh8 25. Nxf5 gxf5 26. f4 Rfd8 27.
Rb7 Kg8 28. a5 Bxd4+ 29. Qxd4 Qg7 30. Qb6 d4 31. Rd3 Rac8 32. Rg3 Qxg3 33. hxg3
d3 34. Qf6 Rf8 35. Rd7 Rc1+ 36. Kh2 Rd1 37. Qxf5 1-0

[Event "Ju Wenjun-A"]
[Site "Gatineau CAN"]
[Date "2023.11.07"]
[Round "2"]
[White "Legault, Stephane"]
[Black "Jacques, Olivier"]
[Result "0-1"]
[WhiteElo "1358"]
[BlackElo "1390"]
[PlyCount "92"]
[EventDate "2023.10.31"]
[EventType "swiss"]
[EventRounds "7"]
[EventCountry "CAN"]

1. e4 d5 2. exd5 Qxd5 3. Nc3 Qa5 4. d4 Nf6 5. Bd2 c6 6. f3 Bf5 7. Bc4 e6 8.
Nge2 Nbd7 9. O-O Qc7 10. Ng3 Bg6 11. Re1 Bd6 12. Kf2 O-O 13. Nce4 Be7 14. Ng5
h6 15. Nxe6 fxe6 16. Bxe6+ Kh8 17. Bf5 Bxf5 18. Rxe7 Bg6 19. f4 Nd5 20. Re6
Nxf4 21. Bxf4 Rxf4+ 22. Kg1 Bf7 23. Re7 Bd5 24. Nh5 Rh4 25. h3 Rg8 26. Qe2 Qd6
27. Rf1 Rxh5 28. Rxd7 Qxd7 29. Qxh5 Qe7 30. c3 Rf8 31. Rxf8+ Qxf8 32. Qe5 Qf7
33. b3 Qg6 34. Qe2 Qe4 35. Qf2 b5 36. Qd2 a5 37. Qf2 a4 38. bxa4 bxa4 39. a3
Qb1+ 40. Kh2 Qb3 41. Qf8+ Bg8 42. Qb4 Kh7 43. g4 Bd5 44. Kg3 Qc2 45. Qf8 Qg2+
46. Kh4 g5+ 0-1

[Event "Ju Wenjun-A"]
[Site "Gatineau CAN"]
[Date "2023.11.07"]
[Round "2"]
[White "Palsson, Halldor"]
[Black "Arseneault, Michel"]
[Result "0-1"]
[WhiteElo "1908"]
[BlackElo "1828"]
[PlyCount "56"]
[EventDate "2023.10.31"]
[EventType "swiss"]
[EventRounds "7"]
[EventCountry "CAN"]

1. d4 Nf6 2. c4 e6 3. Nf3 b6 4. g3 Bb7 5. Bg2 Be7 6. O-O O-O 7. b3 d5 8. Nbd2
c5 9. e3 Nbd7 10. Bb2 Rc8 11. Rc1 Ne4 12. Qe2 cxd4 13. exd4 Nxd2 14. Nxd2 Nf6
15. f4 Ba6 16. f5 exf5 17. Rxf5 Bb4 18. Bf1 Re8 19. Qd3 Rc6 20. Nf3 Rce6 21.
Ne5 dxc4 22. bxc4 Qc7 23. Qb3 Rxe5 24. dxe5 Rxe5 25. Kh1 Ng4 26. h3 Bb7+ 27.
Bg2 Bxg2+ 28. Kxg2 Ne3+ 0-1

[Event "Ju Wenjun-A"]
[Site "Gatineau CAN"]
[Date "2023.11.07"]
[Round "2"]
[White "Seguin, Hubert"]
[Black "Filion, Yves"]
[Result "1-0"]
[WhiteElo "1481"]
[BlackElo "1472"]
[PlyCount "95"]
[EventDate "2023.10.31"]
[EventType "swiss"]
[EventRounds "7"]
[EventCountry "CAN"]
[TimeControl "90+30"]

1. e4 d5 2. exd5 Qxd5 3. Nc3 Qa5 4. d4 Nf6 5. Nf3 Bf5 6. Bd3 Nbd7 7. O-O Bxd3
8. Qxd3 O-O-O 9. Qc4 e6 10. Re1 c6 11. Bd2 Qc7 12. b4 Nb6 13. Qb3 Nfd5 14. Nxd5
exd5 15. Be3 Bd6 16. g3 f5 17. Bg5 Rde8 18. a3 h6 19. Bd2 g5 20. Qd3 Qf7 21.
Ne5 Qf6 22. f4 Nd7 23. c4 dxc4 24. Qxc4 Nb6 25. Qc2 Bxe5 26. dxe5 Qg6 27. Kh1
Re6 28. Be3 gxf4 29. gxf4 Nd5 30. Rad1 Nxe3 31. Rxe3 Qf7 32. Red3 Rg8 33. Qd2
Ree8 34. Rd7 Qg6 35. Rd6 Qg4 36. Qf2 Re6 37. R6d2 Reg6 38. a4 Qh3 39. b5 Rg2
40. Rd8+ Rxd8 41. Rxd8+ Kxd8 42. Qxg2 Qxg2+ 43. Kxg2 cxb5 44. axb5 a5 45. bxa6
bxa6 46. Kf2 a5 47. Ke2 Kc7 48. Kd2 1-0

[Event "Ju Wenjun-A"]
[Site "Gatineau CAN"]
[Date "2023.11.07"]
[Round "2"]
[White "Thompson, Francis"]
[Black "Masse-Garneau, Anthony"]
[Result "0-1"]
[WhiteElo "1760"]
[BlackElo "1721"]
[PlyCount "68"]
[EventDate "2023.10.31"]
[EventType "swiss"]
[EventRounds "7"]
[EventCountry "CAN"]

1. Nf3 Nf6 2. g3 g6 3. Bg2 Bg7 4. c4 O-O 5. O-O d6 6. d4 Nbd7 7. Nc3 e5 8. e4
c6 9. Re1 Re8 10. b3 exd4 11. Nxd4 Nc5 12. Bb2 Qc7 13. Qd2 Bd7 14. Rad1 Rad8
15. b4 Na6 16. a3 Be6 17. Nxe6 fxe6 18. Qc1 e5 19. Rd3 Nd7 20. Red1 Nb6 21. Nb1
Qe7 22. Qc2 Nc7 23. c5 dxc5 24. bxc5 Rxd3 25. Rxd3 Nd7 26. Rc3 Ne6 27. a4 Nd4
28. Qd3 Nxc5 29. Qc4+ Nce6 30. Rd3 Kh8 31. f4 Qc5 32. Qxc5 Nxc5 33. Bxd4 Nxd3
34. Bc3 exf4 0-1

[Event "Ju Wenjun-A"]
[Site "Gatineau CAN"]
[Date "2023.11.14"]
[Round "3"]
[White "Belanger, Paul"]
[Black "Lavoie, Aren"]
[Result "1/2-1/2"]
[WhiteElo "1462"]
[BlackElo "1472"]
[PlyCount "85"]
[EventDate "2023.10.31"]
[EventType "swiss"]
[EventRounds "7"]
[EventCountry "CAN"]

1. e4 e5 2. Nf3 Nc6 3. Bb5 a6 4. Ba4 Nf6 5. O-O Be7 6. Re1 b5 7. Bb3 O-O 8. c3
d6 9. d4 Bg4 10. d5 Na5 11. Bc2 c6 12. dxc6 Nxc6 13. Be3 Rc8 14. Nbd2 d5 15.
exd5 Nxd5 16. h3 Nxe3 17. Rxe3 Bh5 18. g4 Bg6 19. Bxg6 fxg6 20. Ne4 Qb6 21.
Qd5+ Kh8 22. Nxe5 Nxe5 23. Qxe5 Rf7 24. Qg3 Rcf8 25. Rae1 Bd8 26. Qd6 Qxd6 27.
Nxd6 Rxf2 28. Re8 Kg8 29. Rxf8+ Rxf8 30. Re8 Rxe8 31. Nxe8 Kf7 32. Nd6+ Ke6 33.
Ne4 Be7 34. Kf2 Ke5 35. Ke3 g5 36. Ng3 g6 37. Ne4 h5 38. Ng3 Bc5+ 39. Kf3 h4
40. Ne4 Be7 41. Ke3 Kd5 42. Kd3 Ke5 43. Ke3 1/2-1/2

[Event "Ju Wenjun-A"]
[Site "Gatineau CAN"]
[Date "2023.11.14"]
[Round "3"]
[White "Desjardins, Michel"]
[Black "Arseneault, Michel"]
[Result "1/2-1/2"]
[WhiteElo "1886"]
[BlackElo "1828"]
[PlyCount "81"]
[EventDate "2023.10.31"]
[EventType "swiss"]
[EventRounds "7"]
[EventCountry "CAN"]
[TimeControl "90+30"]

1. e4 c5 2. c3 d5 3. exd5 Qxd5 4. d4 e6 5. Na3 Qd8 6. Nc2 Nc6 7. Nf3 Bd6 8. g3
Nf6 9. Bg2 O-O 10. O-O Qc7 11. Bg5 Nd5 12. Ne3 Nxe3 13. Bxe3 cxd4 14. Nxd4 Be7
15. Nxc6 bxc6 16. Qa4 Rb8 17. b3 c5 18. Rfd1 Rb6 19. Qa5 Bb7 20. Qa4 Bc6 21.
Bxc6 Rxc6 22. Rd2 Bf6 23. Qc4 Rd8 24. Rad1 Rxd2 25. Rxd2 h5 26. h4 Qe5 27. Rd3
g5 28. hxg5 Bg7 29. Rd8+ Bf8 30. Kh2 Qf5 31. Qb5 Rd6 32. Qe8 Rxd8 33. Qxd8 Kg7
34. Qd7 h4 35. gxh4 Qg4 36. c4 Qxh4+ 37. Kg2 Qg4+ 38. Kf1 Be7 39. Qxe7 Qd1+ 40.
Kg2 Qg4+ 41. Kh2 1/2-1/2

[Event "Ju Wenjun-A"]
[Site "Gatineau CAN"]
[Date "2023.11.14"]
[Round "3"]
[White "Filion, Samuel"]
[Black "Rioux, Jocelyn"]
[Result "1-0"]
[WhiteElo "1499"]
[BlackElo "1592"]
[PlyCount "65"]
[EventDate "2023.10.31"]
[EventType "swiss"]
[EventRounds "7"]
[EventCountry "CAN"]

1. e4 c6 2. d4 d5 3. exd5 cxd5 4. Bd3 Nc6 5. Nf3 Nf6 6. Bg5 e6 7. O-O Be7 8. c3
O-O 9. Nbd2 h6 10. Bh4 Bd7 11. Re1 Re8 12. Ne5 Qc7 13. Ndf3 Rad8 14. Qe2 a6 15.
Bg3 Nh5 16. Nxc6 Qxc6 17. Ne5 Nxg3 18. Qf3 Nf5 19. Nxc6 Bxc6 20. Bxf5 exf5 21.
Qxf5 Bg5 22. Qc2 Bd7 23. a4 Be6 24. Re2 Rc8 25. Rae1 Rc4 26. g3 g6 27. h4 Bf6
28. Qb3 Rb8 29. Rxe6 fxe6 30. Rxe6 Kf7 31. Rxa6 b5 32. axb5 Re8 33. b6 1-0

[Event "Ju Wenjun-A"]
[Site "Gatineau CAN"]
[Date "2023.11.14"]
[Round "3"]
[White "Guimond, Michel"]
[Black "Thompson, Francis"]
[Result "0-1"]
[WhiteElo "1873"]
[BlackElo "1760"]
[PlyCount "80"]
[EventDate "2023.10.31"]
[EventType "swiss"]
[EventRounds "7"]
[EventCountry "CAN"]

1. e4 c6 2. d4 d5 3. e5 Bf5 4. Nc3 e6 5. g4 Bg6 6. Nh3 Bb4 7. Bg5 f6 8. Bh4 Nd7
9. Nf4 Bf7 10. Qd2 g5 11. exf6 gxh4 12. g5 Qc7 13. Nd3 Bd6 14. O-O-O O-O-O 15.
f4 h6 16. Ne5 hxg5 17. Kb1 Ndxf6 18. fxg5 Bxe5 19. dxe5 Ne4 20. Qf4 Nxc3+ 21.
bxc3 Bh5 22. Rd4 Qf7 23. Bh3 Ne7 24. Rf1 Nf5 25. Bxf5 Qxf5 26. Qxf5 exf5 27.
Rxf5 Bg6 28. Rf6 Be4 29. Rd1 Rde8 30. g6 h3 31. e6 Rhg8 32. Rg1 Rg7 33. Rg3
Ree7 34. Rf7 Kd8 35. Rf6 Kc7 36. Rf7 Kd6 37. Rxh3 Bxg6 38. Rh6 Kxe6 39. Rf3 Kd7
40. Rg3 Be4 0-1

[Event "Ju Wenjun-A"]
[Site "Gatineau CAN"]
[Date "2023.11.14"]
[Round "3"]
[White "Lattafi, Youcef"]
[Black "Scantland, Patrick"]
[Result "0-1"]
[WhiteElo "1940"]
[BlackElo "1658"]
[PlyCount "66"]
[EventDate "2023.10.31"]
[EventType "swiss"]
[EventRounds "7"]
[EventCountry "CAN"]

1. e4 c5 2. Nc3 Nc6 3. Bb5 Nd4 4. Nf3 Nxb5 5. Nxb5 a6 6. Nc3 d6 7. d4 cxd4 8.
Qxd4 Nf6 9. Bg5 e6 10. O-O-O Be7 11. Kb1 e5 12. Qd3 Be6 13. Bxf6 gxf6 14. Nd5
Qa5 15. b4 Qd8 16. Nxe7 Kxe7 17. Rd2 Qb6 18. c3 Rhd8 19. Nh4 a5 20. Qf3 axb4
21. Rb2 Bxa2+ 22. Kc1 Be6 23. Rxb4 Ra1+ 24. Kb2 Ra2+ 25. Kb1 Qa6 26. g3 Ra8 27.
Nf5+ Bxf5 28. exf5 Ra1+ 29. Kc2 Rxh1 30. Rxb7+ Kf8 31. Qxh1 Qe2+ 32. Kb3 Qa2+
33. Kb4 Qa4# 0-1

[Event "Ju Wenjun-A"]
[Site "Gatineau CAN"]
[Date "2023.11.14"]
[Round "3"]
[White "Lecorre, Joel"]
[Black "Seguin, Hubert"]
[Result "0-1"]
[WhiteElo "1532"]
[BlackElo "1481"]
[PlyCount "68"]
[EventDate "2023.10.31"]
[EventType "swiss"]
[EventRounds "7"]
[EventCountry "CAN"]
[TimeControl "90+30"]

1. e4 c5 2. Nc3 d6 3. f4 Nc6 4. Bc4 g6 5. Nf3 Bg7 6. d3 e6 7. O-O Na5 8. Bb3
Nxb3 9. axb3 Ne7 10. Qe1 Nc6 11. Ne2 O-O 12. Kh1 b5 13. c3 Bb7 14. g4 Ne7 15.
h3 f5 16. exf5 exf5 17. g5 Re8 18. Qf2 Nd5 19. Kh2 Qe7 20. Neg1 Qf7 21. Bd2 b4
22. c4 Ne7 23. Ra2 Nc6 24. Be3 Re7 25. Re1 Rae8 26. Kg3 a6 27. h4 Nd4 28. Bxd4
Rxe1 29. Nxe1 Bxd4 30. Qf1 Re3+ 31. Nef3 Bg7 32. Qf2 Rxd3 33. Qc2 Be4 34. Qe2
Bd4 0-1

[Event "Ju Wenjun-A"]
[Site "Gatineau CAN"]
[Date "2023.11.14"]
[Round "3"]
[White "Masse-Garneau, Anthony"]
[Black "Jolicoeur, Jacob"]
[Result "0-1"]
[WhiteElo "1721"]
[BlackElo "1710"]
[PlyCount "114"]
[EventDate "2023.10.31"]
[EventType "swiss"]
[EventRounds "7"]
[EventCountry "CAN"]

1. e4 c5 2. Nf3 Nf6 3. Nc3 d5 4. exd5 Nxd5 5. Bb5+ Bd7 6. Bxd7+ Qxd7 7. O-O Nc6
8. Re1 g6 9. Ne4 c4 10. d3 f5 11. Nc5 Qc7 12. Ne6 Qd7 13. dxc4 Nb6 14. Qe2 Nd8
15. Nfd4 Nxe6 16. Nxe6 Rc8 17. Bg5 Rxc4 18. Rad1 Qc6 19. Qe5 Re4 20. Rxe4 Qxe4
21. Qxh8 Qxe6 22. Bh6 Nd7 23. Bxf8 Nxf8 24. Qc3 Qxa2 25. Qc8+ Kf7 26. Qxb7 Ne6
27. h3 Qc4 28. c3 Nf4 29. Qf3 a5 30. Kh2 Ne6 31. Qd5 Qe2 32. Qd2 Qe5+ 33. Kg1
a4 34. c4 f4 35. Re1 Qd6 36. Qxd6 exd6 37. Rd1 Ke7 38. Kf1 Kd7 39. Ke2 Kc6 40.
Rd5 h6 41. Kf3 Kc7 42. Rb5 Nd4+ 43. Kxf4 Nxb5 44. cxb5 Kb6 45. Ke4 Kxb5 46. Kd3
Kb4 47. Kc2 g5 48. g3 Kc4 49. f4 gxf4 50. gxf4 Kd4 51. Kd2 Ke4 52. Kc3 d5 53.
Kb4 d4 54. f5 Kxf5 55. Kxa4 Ke4 56. b4 d3 57. Kb3 Ke3 0-1

[Event "Ju Wenjun-A"]
[Site "Gatineau CAN"]
[Date "2023.11.14"]
[Round "3"]
[White "Palsson, Halldor"]
[Black "Latreille, Etienne"]
[Result "0-1"]
[WhiteElo "1908"]
[BlackElo "2106"]
[PlyCount "84"]
[EventDate "2023.10.31"]
[EventType "swiss"]
[EventRounds "7"]
[EventCountry "CAN"]
[WhiteTeam "CA"]

1. d4 d5 2. c4 c6 3. Nf3 Nf6 4. Nc3 a6 5. c5 Bf5 6. h3 h6 7. g4 Bh7 8. Bg2 Nbd7
9. O-O Ne4 10. Nd2 Nxd2 11. Bxd2 e5 12. e4 exd4 13. exd5 Bxc5 14. Re1+ Kf8 15.
dxc6 bxc6 16. Na4 Bd6 17. Bxc6 Ne5 18. Rxe5 Bxe5 19. Bxa8 Qxa8 20. Qe2 Bf6 21.
Nb6 Qd8 22. Qxa6 g5 23. Nd7+ Kg7 24. Qxf6+ Qxf6 25. Nxf6 Kxf6 26. b4 Rc8 27.
Rc1 Ra8 28. Rc6+ Ke5 29. Rc5+ Ke4 30. Rc2 Kd3 31. Rb2 Be4 32. b5 Rc8 33. f4 Rc2
34. Rxc2 Kxc2 35. fxg5 Kxd2 36. gxh6 Ke2 37. b6 d3 38. h7 Bxh7 39. b7 d2 40.
b8=Q d1=Q+ 41. Kh2 Qd2 42. Qe5+ Kf1+ 0-1

[Event "Ju Wenjun-A"]
[Site "Gatineau CAN"]
[Date "2023.11.14"]
[Round "3"]
[White "Simard, Francois"]
[Black "Filion, Yves"]
[Result "0-1"]
[WhiteElo "1410"]
[BlackElo "1472"]
[PlyCount "54"]
[EventDate "2023.10.31"]
[EventType "swiss"]
[EventRounds "7"]
[EventCountry "CAN"]

1. e4 e6 2. d4 d5 3. Nd2 c5 4. c3 Nc6 5. Ngf3 Qb6 6. exd5 exd5 7. Nb3 c4 8.
Nbd2 Nf6 9. Be2 Bd6 10. O-O Qc7 11. Re1 O-O 12. b3 cxb3 13. Nxb3 Bg4 14. h3 Be6
15. Qc2 Ne4 16. Bd3 f5 17. Rb1 Rac8 18. Re2 Qe7 19. Qb2 h6 20. Nbd2 Na5 21. Bb5
Nxc3 22. Re3 Nxb1 23. Qxb1 a6 24. Ba4 b5 25. Bc2 g6 26. Ne5 Bxe5 27. dxe5 Qc5
0-1

[Event "Ju Wenjun-A"]
[Site "Gatineau CAN"]
[Date "2023.11.14"]
[Round "3"]
[White "Thibault, Mario"]
[Black "Raymond, Daniel"]
[Result "1/2-1/2"]
[WhiteElo "1631"]
[BlackElo "1753"]
[PlyCount "102"]
[EventDate "2023.10.31"]
[EventType "swiss"]
[EventRounds "7"]
[EventCountry "CAN"]

1. d4 d5 2. Nc3 Nf6 3. Bf4 Bf5 4. e3 e6 5. f3 Bb4 6. g4 Bxc3+ 7. bxc3 Bg6 8. h4
h6 9. Bd3 Bxd3 10. Qxd3 Nbd7 11. Rb1 b6 12. Ne2 Rc8 13. Qa6 O-O 14. Kd2 Re8 15.
g5 Nh5 16. Be5 Nxe5 17. dxe5 c5 18. Qd3 Qc7 19. f4 Red8 20. Rbg1 d4 21. exd4
cxd4 22. cxd4 Qc4 23. Qxc4 Rxc4 24. Rh3 Ra4 25. a3 Rc4 26. Rc3 Rdc8 27. Rxc4
Rxc4 28. c3 hxg5 29. hxg5 g6 30. Kc2 b5 31. Rb1 a6 32. Rb4 Kf8 33. a4 Rxb4 34.
cxb4 bxa4 35. Kb2 Ke7 36. Ka3 Kd7 37. Kxa4 Kc6 38. Ka5 Kb7 39. b5 axb5 40. Kxb5
Ng7 41. Kc5 Kc7 42. d5 exd5 43. Kxd5 Ne6 44. Ke4 Kd7 45. Nc3 Kc6 46. Ne2 Nc5+
47. Kf3 Kd5 48. Kg4 Nd3 49. Kf3 Nc5 50. Nc3+ Ke6 51. Kg4 Nd3 1/2-1/2

[Event "Ju Wenjun-A"]
[Site "Gatineau CAN"]
[Date "2023.11.21"]
[Round "4"]
[White "Azar, Sebastien"]
[Black "Palsson, Halldor"]
[Result "1-0"]
[WhiteElo "2062"]
[BlackElo "1908"]
[PlyCount "53"]
[EventDate "2023.10.31"]
[EventType "swiss"]
[EventRounds "7"]
[EventCountry "CAN"]
[BlackTeam "IS"]

1. e4 e6 2. d4 d5 3. e5 c5 4. c3 Nc6 5. Nf3 Qb6 6. Bd3 cxd4 7. O-O Bd7 8. Re1
f6 9. Nxd4 Nxe5 10. Rxe5 fxe5 11. Qh5+ Kd8 12. Qxe5 Nf6 13. Bf4 Ne8 14. Nd2 Bd6
15. Qg5+ Be7 16. Qg3 h6 17. N2f3 g5 18. Be5 Rf8 19. Qh3 Nf6 20. Qxh6 Ng4 21.
Qg7 Qxb2 22. Rf1 Nxe5 23. Qxe5 Bf6 24. Qd6 Re8 25. Bb5 Re7 26. Nxe6+ Ke8 27.
Bxd7+ 1-0

[Event "Ju Wenjun-A"]
[Site "Gatineau CAN"]
[Date "2023.11.21"]
[Round "4"]
[White "Dupont-Mageau, Nicolas"]
[Black "Lattafi, Youcef"]
[Result "1/2-1/2"]
[WhiteElo "1774"]
[BlackElo "1940"]
[PlyCount "58"]
[EventDate "2023.10.31"]
[EventType "swiss"]
[EventRounds "7"]
[EventCountry "CAN"]

1. d4 Nf6 2. Nc3 d6 3. e4 Nbd7 4. Bf4 e5 5. Bg3 g6 6. Nf3 exd4 7. Nxd4 Bg7 8.
Be2 O-O 9. h4 h5 10. Qd2 Qe7 11. f3 a6 12. O-O-O Kh7 13. Bf4 Ne5 14. Bg5 Be6
15. f4 Neg4 16. f5 Nf2 17. fxe6 Nxd1 18. Nd5 Nxe4 19. Qxd1 Qe8 20. e7 Rh8 21.
Rf1 Qa4 22. Rxf7 Qxa2 23. Nf6+ Nxf6 24. Nb3 Ne8 25. Qd4 Kg8 26. Rf8+ Kh7 27.
Rf7 d5 28. Bf6 Nxf6 29. Qxf6 Rhg8 1/2-1/2

[Event "Ju Wenjun-A"]
[Site "Gatineau CAN"]
[Date "2023.11.23"]
[Round "4"]
[White "Lecorre, Joel"]
[Black "Arvisais, Eric"]
[Result "0-1"]
[WhiteElo "1532"]
[BlackElo "1313"]
[PlyCount "67"]
[EventDate "2023.10.31"]
[EventType "swiss"]
[EventRounds "7"]
[EventCountry "CAN"]

1. e4 c5 2. Nc3 e6 3. f4 Nc6 4. Bb5 d5 5. Bxc6+ bxc6 6. e5 Ne7 7. Nf3 Ng6 8. d3
Be7 9. Bd2 O-O 10. Qe2 Ba6 11. Qf2 f6 12. exf6 Bxf6 13. g3 Qb6 14. Na4 Qb5 15.
Nxc5 Qxb2 16. O-O Bc8 17. Be3 Be7 18. Rfb1 Qf6 19. Nb3 e5 20. Nxe5 Nxe5 21.
fxe5 Qxe5 22. Qd2 Bh3 23. Bf4 Qh5 24. Re1 Rae8 25. Re5 Rf5 26. Rxf5 Qxf5 27.
Nd4 Bc5 28. Be3 Qf6 29. c3 Rf8 30. Qf2 Qg6 31. Qe2 Re8 32. Rc1 Bxd4 33. cxd4
Bg4 34. Qc2 0-1

[Event "Ju Wenjun-A"]
[Site "Gatineau CAN"]
[Date "2023.11.21"]
[Round "4"]
[White "Scantland, Patrick"]
[Black "Latreille, Etienne"]
[Result "0-1"]
[WhiteElo "1658"]
[BlackElo "2106"]
[PlyCount "125"]
[EventDate "2023.10.31"]
[EventType "swiss"]
[EventRounds "7"]
[EventCountry "CAN"]
[TimeControl "90+30"]

1. d4 d5 2. c4 c6 3. Nf3 Nf6 4. cxd5 cxd5 5. g3 Bf5 6. Nc3 e6 7. Bg2 Bd6 8. O-O
Nbd7 9. Bd2 O-O 10. Rc1 a6 11. Re1 b5 12. Nh4 Bg4 13. Qc2 Rc8 14. Qd3 b4 15.
Na4 Qa5 16. b3 Qb5 17. Qxb5 axb5 18. Nb2 Rxc1 19. Bxc1 Ra8 20. h3 Bf5 21. Nxf5
exf5 22. Nd3 Rxa2 23. Bf4 Bf8 24. Bf3 Ne4 25. Rc1 Nc3 26. e3 f6 27. Kf1 g5 28.
Bc7 Ra7 29. Bd8 Kf7 30. Bh5+ Kg7 31. Be8 Ra8 32. Bxd7 Rxd8 33. Bxf5 Ra8 34. Rc2
Ra1+ 35. Kg2 h6 36. f4 Bd6 37. Nc1 Ra3 38. Bd7 h5 39. Bf5 h4 40. gxh4 gxf4 41.
Kf3 fxe3 42. Rg2+ Kf7 43. h5 Bf8 44. Bc2 Ra1 45. Ne2 Rf1+ 46. Kg4 Bh6 47. h4
Nxe2 48. Rxe2 Rf4+ 49. Kg3 Rxd4 50. Bg6+ Ke6 51. Be8 Rd3 52. Kf3 Rxb3 53. Bxb5
Ke5 54. Rg2 e2+ 55. Kxe2 Rb2+ 56. Kf3 Rxg2 57. Kxg2 Kd4 58. Kf3 b3 59. Ke2 f5
60. Bd3 f4 61. Bb1 Kc3 62. Kd1 Kb2 63. Bd3 0-1

[Event "Ju Wenjun-A"]
[Site "Gatineau CAN"]
[Date "2023.11.21"]
[Round "4"]
[White "Seguin, Hubert"]
[Black "Raymond, Daniel"]
[Result "1-0"]
[WhiteElo "1481"]
[BlackElo "1753"]
[PlyCount "127"]
[EventDate "2023.10.31"]
[EventType "swiss"]
[EventRounds "7"]
[EventCountry "CAN"]
[TimeControl "90+30"]

1. e4 c5 2. Nc3 Nc6 3. g3 Nf6 4. Bg2 d6 5. Nf3 e5 6. h3 Be7 7. d3 h6 8. O-O O-O
9. Be3 Be6 10. Kh2 Rb8 11. a4 a6 12. Qd2 Nd4 13. Ne2 Nh7 14. Bxd4 cxd4 15. c3
dxc3 16. bxc3 f5 17. Nfg1 fxe4 18. Bxe4 Nf6 19. Bg2 d5 20. f4 e4 21. Nd4 Bd7
22. Rfe1 exd3 23. Qxd3 Bc5 24. Ngf3 Re8 25. Ne5 Bxd4 26. cxd4 Bc6 27. Qb3 Qc7
28. Rec1 Qd6 29. Rc5 Qe6 30. Rac1 Nd7 31. Nxd7 Qxd7 32. Bxd5+ Bxd5 33. Rxd5 Qf7
34. Rc7 Re2+ 35. Kg1 Qe6 36. Qf3 Qe4 37. Qxe4 Rxe4 38. Kf2 Re6 39. Rdd7 b5 40.
axb5 axb5 41. Rxg7+ Kh8 42. Rb7 Rb6 43. Rxb8+ Rxb8 44. Rc7 b4 45. Ke2 b3 46.
Rc1 b2 47. Rb1 Rb3 48. Kf2 Kg7 49. g4 Rxh3 50. Kg2 Rb3 51. Kf2 Kf6 52. Ke2 Rh3
53. Kd2 Rh2+ 54. Kc3 Rf2 55. Rxb2 Rxf4 56. Rg2 Ke6 57. Kc4 Kd6 58. g5 hxg5 59.
Rxg5 Rf6 60. Ra5 Kc7 61. d5 Kb6 62. Rb5+ Kc7 63. Kc5 Rd6 64. Rb7+ 1-0

[Event "Ju Wenjun-A"]
[Site "Gatineau CAN"]
[Date "2023.11.28"]
[Round "5"]
[White "Bastien, Andre"]
[Black "Azar, Sebastien"]
[Result "1/2-1/2"]
[WhiteElo "1756"]
[BlackElo "2062"]
[PlyCount "167"]
[EventDate "2023.10.31"]
[EventType "swiss"]
[EventRounds "7"]
[EventCountry "CAN"]

1. Nf3 Nf6 2. g3 d5 3. Bg2 c6 4. O-O Bf5 5. d3 e6 6. Qe1 Be7 7. Nbd2 h6 8. e4
Bh7 9. e5 Nfd7 10. Nb3 Qc7 11. Bd2 c5 12. Qe2 Nc6 13. Rfe1 O-O 14. Rac1 b5 15.
c4 Bxd3 16. Qxd3 bxc4 17. Rxc4 dxc4 18. Qxc4 Rad8 19. Bc3 Rfe8 20. Qe4 Nf8 21.
a3 Qb6 22. Nbd2 Nd4 23. Nc4 Qb5 24. Bf1 Nxf3+ 25. Qxf3 Qd7 26. Qg4 Qa4 27. f4
Qc2 28. Ne3 Qg6 29. Bb5 Qxg4 30. Nxg4 Nd7 31. Ba5 Nb6 32. Bxe8 Rxe8 33. Rd1 Nd5
34. Kf2 Rb8 35. Rd2 Rb5 36. Bc3 Nxc3 37. bxc3 c4 38. Rd7 Bxa3 39. Rc7 a5 40.
Rc8+ Kh7 41. Rxc4 Rc5 42. Ne3 a4 43. Rxa4 Rxc3 44. Nc4 Rc2+ 45. Kf3 Bc5 46. Nd6
Rc3+ 47. Kg2 Kg6 48. Ra2 Bxd6 49. exd6 Rd3 50. Ra6 Kf5 51. Ra5+ Kf6 52. Ra6 e5
53. d7+ Ke7 54. fxe5 Kxd7 55. Kh3 Re3 56. Kg4 Re2 57. h4 Rxe5 58. Kf4 Rd5 59.
Ke4 Rd6 60. Ra7+ Ke6 61. g4 Rb6 62. Ra4 Kf6 63. Kf4 Rc6 64. Rb4 Ke6 65. Re4+
Kd6 66. Ra4 Kd5 67. Ra5+ Kd4 68. Rf5 Rc1 69. Ra5 Rf1+ 70. Kg3 g6 71. g5 hxg5
72. hxg5 Rg1+ 73. Kf3 Rd1 74. Kf4 Rf1+ 75. Kg4 Ke3 76. Ra3+ Ke2 77. Ra2+ Ke1
78. Ra1+ Kf2 79. Ra3 Rg1+ 80. Kf4 Re1 81. Rf3+ Kg2 82. Ra3 Kh2 83. Rb3 Re2 84.
Ra3 1/2-1/2

[Event "Ju Wenjun-A"]
[Site "Gatineau CAN"]
[Date "2023.11.28"]
[Round "5"]
[White "Belanger, Paul"]
[Black "Simard, Francois"]
[Result "1-0"]
[WhiteElo "1462"]
[BlackElo "1410"]
[PlyCount "65"]
[EventDate "2023.10.31"]
[EventType "swiss"]
[EventRounds "7"]
[EventCountry "CAN"]
[TimeControl "5400+30"]

1. e4 e5 2. Nf3 Nc6 3. Bb5 a6 4. Ba4 Nf6 5. O-O Bc5 6. d3 b5 7. Bb3 O-O 8. Bg5
Bb7 9. Nc3 Nd4 10. Nxe5 Nxb3 11. axb3 d6 12. Ng4 Kh8 13. Nxf6 gxf6 14. Bh4 Rg8
15. Qf3 Rg6 16. Nd5 Bxd5 17. exd5 Kg7 18. Rfe1 Qd7 19. Re4 Rg8 20. Rae1 Kf8 21.
Bg3 h6 22. d4 Bb6 23. c3 Kg7 24. Rf4 Re8 25. Re3 Rxe3 26. fxe3 a5 27. Bh4 Qd8
28. e4 Qe7 29. Kf1 b4 30. Ke2 bxc3 31. bxc3 Qd8 32. Kd3 Qe7 33. h3 1-0

[Event "Ju Wenjun-A"]
[Site "Gatineau CAN"]
[Date "2023.11.28"]
[Round "5"]
[White "Filion, Samuel"]
[Black "Lecorre, Joel"]
[Result "1-0"]
[WhiteElo "1499"]
[BlackElo "1532"]
[PlyCount "53"]
[EventDate "2023.10.31"]
[EventType "swiss"]
[EventRounds "7"]
[EventCountry "CAN"]

1. e4 e6 2. d4 d5 3. exd5 exd5 4. Bd3 Bd6 5. Nf3 Ne7 6. O-O O-O 7. Re1 Bf5 8.
Rxe7 Bxd3 9. Re1 Bf5 10. Nc3 c6 11. Bg5 f6 12. Bh4 Nd7 13. Qd2 Nb6 14. b3 Qd7
15. Bg3 Bxg3 16. hxg3 Rae8 17. a4 Nc8 18. a5 Nd6 19. Rxe8 Rxe8 20. Re1 Kf7 21.
Rxe8 Qxe8 22. Na4 Qe4 23. Qb4 Qe7 24. c4 Nc8 25. c5 Bd3 26. Qd2 Qe4 27. Nc3 1-0

[Event "Ju Wenjun-A"]
[Site "Gatineau CAN"]
[Date "2023.11.28"]
[Round "5"]
[White "Filion, Yves"]
[Black "Rioux, Jocelyn"]
[Result "1-0"]
[WhiteElo "1472"]
[BlackElo "1592"]
[PlyCount "109"]
[EventDate "2023.10.31"]
[EventType "swiss"]
[EventRounds "7"]
[EventCountry "CAN"]

1. d4 d5 2. Bf4 Nf6 3. Nf3 Bf5 4. e3 e6 5. Bd3 Bxd3 6. Qxd3 Bd6 7. Nbd2 O-O 8.
Ne5 c5 9. c3 cxd4 10. exd4 Nc6 11. Ndf3 Ne4 12. Nxc6 bxc6 13. Bxd6 Qxd6 14. O-O
c5 15. dxc5 Qxc5 16. Ne5 Qc7 17. Qd4 a5 18. f3 Nd6 19. Ng4 Nf5 20. Qf2 h5 21.
Ne3 Nxe3 22. Qxe3 Qa7 23. Qxa7 Rxa7 24. Rfd1 a4 25. Kf2 Rb8 26. Rab1 Rab7 27.
Rd2 Rc7 28. Rd3 Rcb7 29. Rd2 g5 30. Ke3 f5 31. Kd4 Kf7 32. Re2 Rc7 33. b3 axb3
34. axb3 Rcb7 35. Reb2 Kf6 36. g3 Rb5 37. f4 R5b7 38. fxg5+ Kxg5 39. Ke5 Rb6
40. b4 Rc8 41. Kd4 Rc4+ 42. Kd3 Rbc6 43. Rc2 e5 44. b5 Rc8 45. b6 Rb8 46. Rb5
e4+ 47. Ke3 d4+ 48. Kd2 d3 49. Rc1 Kg4 50. Rf1 Kh3 51. Rfxf5 Kxh2 52. Rxh5+
Kxg3 53. Ke3 Kg2 54. Rbg5+ Kf1 55. Rh1# 1-0